| 000 | 00798cam a22002651 4500 | ||
|---|---|---|---|
| 001 | 18127 | ||
| 003 | BD-RjUL | ||
| 005 | 20211209000236.0 | ||
| 008 | 140219t1968 enkh b 001 0 eng | ||
| 035 | _a(BD-RjUL)18185 | ||
| 040 |
_aDLC _cDLC _dDLC _dBD-RjUL _beng |
||
| 041 | _aeng | ||
| 082 | 0 | 0 |
_a828 _bYEA 1968 |
| 245 | 1 | 0 |
_aYeats Last poems : _ba casebook / _cedited by Jon Stallworthy. |
| 260 |
_aLondon : _bMacmillan, _c1968. |
||
| 300 |
_a280 p. : _bfacsims ; _c21 cm. |
||
| 350 | _a30/- | ||
| 490 | 0 | _aCasebook series | |
| 504 | _aIncludes bibliographical references and index. | ||
| 600 | 1 | 0 |
_aYeats, W. B. _q(William Butler), _d1865-1939. _xExaminations _xStudy guides. _955854 |
| 700 |
_aStallworthy, Jon, _955796 |
||
| 942 |
_2ddc _cBK |
||
| 999 |
_c18127 _d18127 |
||